QUESTION BANK IN ELLECTRONICS AND COMMUNICATION ENGINEERING (Record no. 45610)

000 -LEADER
fixed length control field 00354nam a2200145Ia 4500
008 - FIXED-LENGTH DATA ELEMENTS--GENERAL INFORMATION
fixed length control field 240801s9999 xx 000 0 und d
020 ## - INTERNATIONAL STANDARD BOOK NUMBER
International Standard Book Number 8186540610
082 ## - DEWEY DECIMAL CLASSIFICATION NUMBER
Item number CHA-Q
100 ## - MAIN ENTRY--PERSONAL NAME
Personal name CHADDHA R. PREM
245 #0 - TITLE STATEMENT
Title QUESTION BANK IN ELLECTRONICS AND COMMUNICATION ENGINEERING
250 ## - EDITION STATEMENT
Edition statement 1
260 ## - PUBLICATION, DISTRIBUTION, ETC.
Place of publication, distribution, etc. NEW DELHI
Date of publication, distribution, etc. 1999
300 ## - PHYSICAL DESCRIPTION
Extent 974
942 ## - ADDED ENTRY ELEMENTS (KOHA)
Koha item type Donated Books
Holdings
Withdrawn status Lost status Damaged status Not for loan Collection code Permanent Location Current Location Shelving location Date acquired Cost, normal purchase price Total Checkouts Full call number Barcode Checked out Date last seen Date last checked out Price effective from Koha item type
        School of Engineering Maharishi School of Engineering & Technology (Lucknow) Central Library, MUIT, Lucknow R20S5 2024-08-01 425.00 1 621 DB8989 2025-06-09 2025-06-09 2025-06-09 2024-08-01 Donated Books

All Rights Reserved@MUIT

Powered by Koha